Szczegóły MARC21

Handel uprawnieniami do emisji zanieczyszczeń powietrza /

003 -Nazwa inst., której nr kontr. jest w polu 001 [,]
    • @
    • Nazwa instytucji, której n kontrolny jest w polu 001
    • NUKAT
005 -DATA I CZAS OSTATNIEJ MODYFIKACJI [,]
    • @
    • pole kontrolne
    • 20241231113352.0
020 -Międzynarod. znormalizowany nr książki - ISBN [ , ]
    • a
    • Numer ISBN
    • 9788320820966 Find
040 -Instytucja sporządzająca opis [ , ]
    • a
    • Instytucja, która sporządziła opis (NP)
    • KR 93/11SWB
    • c
    • Instytucja, która sporządziła rekord (NP)
    • KR 93/11SWB
    • d
    • Instytucja, która zmodyfikowała rekord (P)
    • KR 93/EC
    • d
    • Instytucja, która zmodyfikowała rekord (P)
    • KR 93/MSs
942 -Rodzaj dokumentu [ , ]
    • c
    • Rodzaj dokumentu
    • Książka
100 -Hasło główne - nazwa osobowa [1, ]
    • a
    • Nazwa osobowa (NP)
    • Godawska, Justyna.
    • 9
    • KHW
    • 65856
245 -Strefa tytułu i oznaczenia odpowiedzialności [1,0]
    • a
    • Tytuł
    • Handel uprawnieniami do emisji zanieczyszczeń powietrza / Find
    • c
    • Pozostałe elementy strefy tytułu i oznaczenia odpowiedzialności (NP)
    • Justyna Dyduch.
260 -Strefa adresu wydawniczego [ , ]
    • a
    • Miejsce wydania (P)
    • Warszawa :
    • b
    • Nazwa wydawcy (P)
    • Polskie Wydawnictwo Ekonomiczne,
    • c
    • Data wydania (P)
    • 2013.
300 -Strefa opisu fizycznego [ , ]
    • a
    • Określenie formy książki i/lub objętość (NP)
    • 242, [1] s. :
    • b
    • Oznaczenie ilustracji (NP)
    • il. ;
    • c
    • Format (NP)
    • 24 cm.
336 -Typ zawartości [ , ]
    • a
    • Termin opisujący typ zawartości
    • Tekst
    • b
    • Kod określający zawartość
    • txt
    • 2
    • Źródło (terminu i kodu)
    • rdacontent
337 -Typ mediów [ , ]
    • a
    • Tryb odtwarzania
    • Bez urządzenia pośredniczącego
    • b
    • Kod typu mediów
    • n
    • 2
    • Źródło (terminu i kodu)
    • rdamedia
338 -Typ/rodzaj nośnika [ , ]
    • a
    • Hasło opisujące typ nośnika
    • Wolumin
    • b
    • Kod typu nośnika
    • nc
    • 2
    • Źródło (terminu i kodu)
    • rdacarrier
504 -Uwaga dot. bibliogr. załącznikowej [ , ]
    • a
    • Uwaga dot. bibliografii załącznikowej
    • Bibliogr. s. 233-[243].
521 -Uwaga dot. przeznaczenia czytelniczego [8, ]
    • a
    • Uwaga dot. przeznaczenia czytelniczego
    • Dla osób zajmujących się ochroną środowiska w administracji i w przedsiębiorstwach, a także pracowników naukowych i studentów uczelni ekonomicznych i technicznych.
080 -Uniwersalna Klasyfikacja Dziesiętna [ , ]
    • 2
    • Identyfikator wydania tablic
    • UDC-P058
    • 9
    • UKD
    • 4009
    • a
    • Symbol klasyfikacji
    • 504.5
    • b
    • Dopowiedzenie
    • Szkody spowodowane substancjami szkodliwymi, trującymi. Zanieczyszczenia.
080 -Uniwersalna Klasyfikacja Dziesiętna [ , ]
    • 2
    • Identyfikator wydania tablic
    • UDC-P058
    • 9
    • UKD
    • 3999
    • a
    • Symbol klasyfikacji
    • 502.3
    • b
    • Dopowiedzenie
    • Środowisko atmosfery.
080 -Uniwersalna Klasyfikacja Dziesiętna [ , ]
    • 2
    • Identyfikator wydania tablic
    • UDC-P058
    • 9
    • UKD
    • 3607
    • a
    • Symbol klasyfikacji
    • 349.6
    • b
    • Dopowiedzenie
    • Prawo ochrony środowiska.
080 -Uniwersalna Klasyfikacja Dziesiętna [ , ]
    • 2
    • Identyfikator wydania tablic
    • UDC-P058
    • 9
    • UKD
    • 3301
    • a
    • Symbol klasyfikacji
    • 339.166.5
    • b
    • Dopowiedzenie
    • Handel dobrami niematerialnymi, własnością intelektualną. Handel patentami, znakami towarowymi, prawami autorskimi. Transfer technologii. Obrót myślą techniczną.
650 -Hasło przedmiotowe [ ,7]
    • a
    • Hasło przedmiotowe
    • Handel emisjami.
    • 2
    • Źródło terminu
    • kaba
    • 9
    • KHW
    • 158821
980 -Symbol UKD [ , ]
    • a
    • UKD
    • 504.5:502.3:349.6:339.166.5
710 -Hasło dodatkowe - nazwa ciała zbiorowego [2, ]
    • a
    • Nazwa ciała zbiorowego lub nazwa geograficzna jako pierwszy element (NP)
    • Polskie Wydawnictwo Ekonomiczne.
    • 4
    • Kod relacji
    • pbl
    • 9
    • KHW
    • 50784
920 -ISBN [ , ]
    • a
    • ISBN
    • 978-83-208-2096-6 Find
Data inwentaryzacji Lokalizacja Numer inwentarzowy Status udost.
2013-12-04BEE.74979-2